000 00398nam a2200145Ia 4500
008 100204s9999 xx 000 0 und d
082 _b3278
100 _aइनामदार ना.स.
245 _aझेप
260 _bकॉन्टिनेन्टल प्रकाशन पुणे
_c1979 6
300 _a372
630 _aझेप
730 _aझेप
942 _cBOOK
999 _c448240
_d448237